Sports Co: Pays organisateurs des Compétitions - Statistiques

Statistiques générales
  • Ce quiz a été pris 128 fois
  • Le résultat moyen est 49 sur 61
Statistiques - réponses
Réponse % Correct
France
100%
Canada
98%
Etats-Unis
98%
Japon
98%
Russie
98%
Allemagne
97%
Brésil
97%
Espagne
97%
RDA
97%
RFA
97%
Afrique du Sud
96%
Italie
96%
Argentine
95%
Mexique
95%
Qatar
95%
Angleterre
94%
Australie
94%
Uruguay
94%
Grande-Bretagne
93%
Suède
93%
Corée du Sud
92%
Irlande
92%
Nouvelle-Zélande
92%
Chine
90%
Portugal
90%
Suisse
89%
Belgique
87%
Pologne
87%
Inde
86%
Norvège
86%
Finlande
84%
Danemark
83%
Ecosse
83%
Pays-Bas
83%
Chili
81%
Grèce
81%
Autriche
80%
Pays de Galles
80%
Turquie
79%
Croatie
77%
Hongrie
76%
URSS
76%
Slovaquie
75%
Slovénie
75%
Colombie
71%
Indonésie
69%
Egypte
67%
République Tchèque
67%
Islande
66%
Lettonie
65%
Bulgarie
64%
Pakistan
64%
Yougoslavie
63%
Tchécoslovaquie
56%
Biélorussie
54%
Philippines
53%
Equateur
46%
Tunisie
46%
Malaisie
44%
Singapour
34%
Porto Rico
13%
Aucun quiz correspondant
Distribution des résultats
% des personnes avec chaque résultat
Percentile par nombre de réponses
Votre historique - résultats
Vous n’avez pas pris ce quiz